000 01952cam a22004098i 4500
001 22714383
005 20250404155007.0
008 220721s2023 enk b 001 0 eng
010 _a 2022034526
020 _a9781350269989
020 _z9781350269996
020 _z9781350270008
020 _z9781350270015
041 _aeng
042 _apcc
082 0 0 _a322.3 PRO
100 1 _aProvost, Claire,
245 1 0 _aSilent Coup: How Corporations Overthrew Democracy
260 _aLondon
_bBloomsbury Academic
_c2023
263 _a2303
264 1 _aLondon ;
_aNew York :
_bBloomsbury Academic,
_c2023.
300 _a281;.pages: 24 cm
336 _atext
_btxt
_2rdacontent
337 _aunmediated
_bn
_2rdamedia
338 _avolume
_bnc
_2rdacarrier
504 _aIncludes bibliographical references and index.
520 _a"As European empires crumbled in the 20th century, the power structures that had dominated the world for centuries were up for renegotiation. Yet instead of a rebirth for democracy, what emerged was a silent coup - namely, the unstoppable rise of global corporate power. Exposing the origins of this epic power grab as well as its present-day consequences, Silent Coup is the result of two investigative journalist's reports from 30 countries around the world. It provides an explosive guide to the rise of a corporate empire that now dictates how resources are allocated, how territories are governed, and how justice is defined"--
650 0 _aBusiness and politics; Big Business; Democracy
650 0 _aBig business
650 0 _aInternational business enterprises
650 0 _aDemocracy.
700 1 _aKennard, Matt,
776 0 8 _iOnline version:
_aProvost, Claire.
_tSilent coup
_dLondon ; New York : Bloomsbury Academic, 2023
_z9781350269996
_w(DLC) 2022034527
906 _a7
_bcbc
_corignew
_d1
_eecip
_f20
_gy-gencatlg
942 _cBK
999 _c43567
_d43567